000 00285nam a22001337a 4500
008 181015b xxu||||| |||| 00| 0 eng d
020 _a9780071615471
041 _aeng
080 _a371
100 _a25
101 _aEDU
245 _aGerman Vocabulary
_cWeiss, E
942 _2udc
_cBK
999 _c49746
_d49746